Le bien social / (Record no. 148904)

MARC details
000 -LEADER
campo de control de longitud fija 00589nam a2200169 4500
001 - NÚMERO DE CONTROL
campo de control 148904
003 - IDENTIFICADOR DE NÚMERO DE CONTROL
campo de control ES-MaACL
005 - FECHA Y HORA DE LA ÚLTIMA TRANSACCIÓN
campo de control 20230906202850.0
007 - CAMPO FIJO DE DESCRIPCIÓN FÍSICA--INFORMACIÓN GENERAL
campo de control de longitud fija t|
008 - DATOS DE LONGITUD FIJA--INFORMACIÓN GENERAL
campo de control de longitud fija 070214s1909 fr r ||||1| fre d
100 1# - ENTRADA PRINCIPAL--NOMBRE DE PERSONA
Nombre de persona Sully Prudhomme.
9 (RLIN) 108764
245 13 - MENCIÓN DEL TÍTULO
Título Le bien social /
Mención de responsabilidad, etc. par Sully Prudhomme ; publié d'aprés les manuscrits posthumes de l'auteur ; avec une préface et une introduction par Camile Hémon.
260 ## - PUBLICACIÓN, DISTRIBUCIÓN, ETC.
Lugar de publicación, distribución, etc. Paris :
Nombre del editor, distribuidor, etc. Félix Alcan,
Fecha de publicación, distribución, etc. [1909] (
Lugar de fabricación/manufactura Corbeil :
Fabricante Crété)
300 ## - DESCRIPCIÓN FÍSICA
Extensión XIX, 230 p. ;
Dimensiones 22 cm.
700 1# - ENTRADA AGREGADA--NOMBRE PERSONAL
Nombre de persona Hémon, Camile.
9 (RLIN) 62493
852 ## - LOCALIZACIÓN
Ubicación ES-MaACL
Número de control de estantería B-7037
Holdings
Estatus retirado Estado de pérdida Estado de daño No para préstamo Biblioteca de origen Biblioteca actual Ubicación en estantería Fecha de adquisición Fuente de adquisición Total de préstamos Signatura topográfica completa Código de barras Visto por última vez Precio de reemplazo Tipo de ítem Koha
        Biblioteca del Ateneo de Madrid Biblioteca del Ateneo de Madrid Sala Pardo Bazán 17/01/2008     B-7037 1155388 23/02/2023 23/02/2023 Libro impreso